[Event "Saint Quentin op 4th"]
[Site "Saint Quentin"]
[Date "2001.04.21"]
[Round "8.49"]
[White "Bourgoin, Patrice"]
[Black "Bilquez, Romain"]
[Result "1-0"]
[WhiteElo "1440"]
[BlackElo "1310"]
[PlyCount "55"]
[EventDate "2001.04.15"]
[EventType "swiss"]
[EventRounds "9"]
[EventCountry "FRA"]
[SourceTitle "EXT 2002"]
[Source "ChessBase"]
[SourceDate "2001.11.25"]
[SourceVersion "1"]
[SourceVersionDate "2001.11.25"]
[SourceQuality "1"]

1. g4 e5 2. Bg2 d5 3. h3 Be6 4. c4 c6 5. Qb3 Qd7 6. d3 Bc5 7. Nf3 f6 8. e4 d4 9. Nbd2 Ne7 10. Nf1 Na6 11. a3 Rb8 12. Qd1 Bd6 13. b4 b6 14. Ng3 c5 15. b5 Nc7 16. a4 Ra8 17. Nh5 Ng6 18. Bh6 Bf8 19. Bd2 a6 20. g5 fxg5 21. Nxg5 h6 22. Nxe6 Nxe6 23. 0-0 Bd6 24. f4 Nexf4 25. Nxf4 Nxf4 26. Bxf4 exf4 27. e5 Ra7 28. Bc6 1-0

[Event "Saint Quentin op 4th"]
[Site "Saint Quentin"]
[Date "2001.04.18"]
[Round "5.53"]
[White "Bourgoin, Patrice"]
[Black "Perodeau, Guillaume"]
[Result "1-0"]
[WhiteElo "1440"]
[BlackElo "1160"]
[PlyCount "73"]
[EventDate "2001.04.15"]
[EventType "swiss"]
[EventRounds "9"]
[EventCountry "FRA"]
[SourceTitle "EXT 2002"]
[Source "ChessBase"]
[SourceDate "2001.11.25"]
[SourceVersion "1"]
[SourceVersionDate "2001.11.25"]
[SourceQuality "1"]

1. Nf3 d5 2. d4 Nc6 3. g3 Nf6 4. Bg2 Bf5 5. Nbd2 Ne4 6. c3 e6 7. Nh4 Qf6 8. Nxf5 Qxf5 9. 0-0 Nxd2 10. Bxd2 Bd6 11. b4 0-0 12. f4 b5 13. a4 a6 14. a5 Ne7 15. Ra2 h6 16. Be1 c6 17. e3 Rac8 18. Re2 f6 19. e4 Qh5 20. Qd2 e5 21. Bf3 Qg6 22. h4 exf4 23. g4 h5 24. Rg2 dxe4 25. gxh5 Qf5 26. Bg4 e3 27. Qe2 Qd5 28. Bxc8 Rxc8 29. h6 Nf5 30. Qg4 Rc7 31. Qh5 Qxg2+ 32. Kxg2 Nxh6 33. Kf3 Re7 34. Rg1 e2 35. Qxh6 Re3+ 36. Kf2 Re4 37. Qxg7# 1-0